| 000 | 00734cam a22002174a 4500 | ||
|---|---|---|---|
| 005 | 20250605164207.0 | ||
| 008 | 250528s ||||||||||||||||||||||||d | ||
| 035 | _a20104 | ||
| 020 | _a8390028387 | ||
| 040 |
_aGR-AtMCL _bgre _dGR-AtMCL _eAACR2 |
||
| 245 | 1 | _aDilemmas of Regional Policies in Eastern and Central Europe | |
| 260 | _c1992 | ||
| 300 | _a512 | ||
| 520 | _aDillemas of Eastern and Central Europe, Western Experience in Regional Policies, The Role of International Organisations, Regionalism and Regionalisation, Research Priorities. | ||
| 700 | 1 |
_aGorzelak Grzegorz _96152 |
|
| 700 | 1 |
_aKuklinski Antoni _96153 |
|
| 942 | _cBK | ||
| 710 | 2 |
_aUniversity Of Warsaw _99778 |
|
| 999 |
_c5243 _d5243 |
||